000 00581nam a22002417a 4500
003 UA-OsUOA
001 23175
007 ta
008 20040114b un ||||| |||| 00| 0 ukr d
100 _aОртинський Іван
090 _a215
_bО-70
942 _cBK
040 _aUA-OsUOA
_bukr
_cUA-OsUOA
_dUA-OsUOA
245 _aМайбуття християнства у єдності
300 _a55 с.
955 _a0
041 _aukr
080 _a215
260 _aЛьвів
_bЛДКФ "Атлас"
_c1997
044 _aUA
650 7 _2UDC
999 _c309418
_d309418